00812nam a22002417a 450000500170000001000130001702000220003003500130005203700160006504000120008108200130009310000290010624500440013526000400017927000450021930000200026450000500028465000280033465000260036294200220038899900190041095201410042920170124110002.0 aA-382024 c00.00a8170231558 aA-382024 bCen Lib/Ret aDPLbEN a364bRAO aRao, S. Venugopal915945 aVictims of crime /cby S. Venugopal Rao aNew DelhibAllied Publishers c1989 bNew Delhia13/14, asaf ali road,e110002 a244p.c20cm(Hb) aIncludes bibliographical references and index aCriminal justice915946 aLegal aspects 915947 2ddccENh364mRAO c125909d125909 04104070aLbLd2015-06-24eCen Lib/Retg0.00l0o364 RAOpA-382024r2015-06-24 00:00:00t1v0.00w2015-06-24yENzW/d list no. 6842/6